Normal view
MARC view
- ADITHYA S
Entry Personal Name
001 - CONTROL NUMBER
- control field: 5496
003 - CONTROL NUMBER IDENTIFIER
- control field: OSt
005 - DATE AND TIME OF LATEST TRANSACTION
- control field: 20230624143344.0
008 - FIXED-LENGTH DATA ELEMENTS
- fixed length control field: 230624|| aca||aabn | a|a d
040 ## - CATALOGING SOURCE
- Original cataloging agency: OSt
- Transcribing agency: OSt
100 ## - HEADING--PERSONAL NAME
- Personal name: ADITHYA S
- Personal name: ALEENA .A.N.S
- Personal name: SONA.K
- Personal name: VISHNUPRIYA R
670 ## - SOURCE DATA FOUND
- Source citation: Work cat.: (OSt)17718: ADITHYA S ALEENA .A.N.S SONA.K VISHNUPRIYA R, AN IOT BASED DRIP IRRIGATION SYSTEM FOR VERTICAL FARMING IN RAINSHELTER , 2023
